=LDR 00000nam 2200000 4500 =001 INLIS000000000047373 =005 20151025200622.0 =006 =007 =008 =020 ##$$a 979-9440-18-1 =035 ##$$0010-101500000000084 =082 ##$$a 320.54-Ken-h =100 ##$$a Kenichi Ohmae =245 ##$$a Hancunya negara-bangsa =250 ##$$a Cet. 2 =260 ##$$a Yogyakarta $b Qalam $c 2010 =300 ##$$a xvii,276 Hlm $c 21 Cm =990 ##$$a 0001/BPAP-NTB/2015 =990 ##$$a 0001/BPAP-NTB/2015